[Event "Défi"]
[Site "www.echecsemail.com"]
[Date "2026.02.11"]
[Round "1"]
[White "Titit1"]
[Black "Claudius94"]
[WhiteElo "1440"]
[BlackElo "1840"]
[Result "0-1"]
1.d4 d5
2.Bc1f4 e6
3.Ng1f3 Bf8d6
4.Bf4xd6 Qd8xd6
5.Nb1c3 c6
6.e3 Ng8f6
7.Bf1d3 h6
8.O-O b6
9.Nf3e5 Nb8d7
10.Ne5xd7 Qd6xd7
11.Rf1e1 O-O
12.e4 dxe4
13.Bd3xe4 Nf6d5
14.Qd1d2 Bc8b7
15.Nc3xd5 cxd5
16.Be4f3 b5
17.a3 Ra8c8
18.Ra1c1 Qd7d8
19.Re1e5 Qd8e7
20.Rc1e1 Rc8c6
21.Re5h5 Qe7c7
22.Bf3d1 a5
23.Re1e3 f5
24.Re3g3 Kh7
25.Qd2d3 Qc7f4
26.c3 b4
27.axb4 axb4
28.Qd3b5 bxc3
29.Qb5xb7 Rc6c7
30.Qb7b4 Qf4c1
31.Qb4b3 cxb2
32.h3 b1Q
33.Qb3f3 Qc1xd1
34.Kh2 Qd1xf3
35.Rg3xf3 Qb1d1
36.Rf3f4 Qd1xh5
37.g3 Qh5e2
38.h4 Rc7c2
39.Kg2 Rc2d2
40.Kh3 Qe2f1
41.Kh2 Rd2xf2
42.Rf4xf2 Qf1xf2
43.Kh3 f4
44.Kg4 Qf2xg3
45.Kh5 Rf8f5
0-1

[Event "Défi( 10J+24H/c 10J Max )"]
[Site "www.echecsemail.com"]
[Date "2026.02.11"]
[Round "1"]
[White "Luc20"]
[Black "Titit1"]
[WhiteElo "1840"]
[BlackElo "1440"]
[Result "1-0"]
1.b4 e6
2.b5 Qd8f6
3.Nb1c3 Bf8c5
4.e3 d5
5.d4 Bc5d6
6.Ng1f3 b6
7.a4 Bd6b4
8.Bc1d2 Bc8b7
9.Bf1d3 Ng8e7
10.Nc3e2 Bb4d6
11.a5 Nb8d7
12.Ne2g3 O-O
13.O-O c6
14.a6 Bb7c8
15.c4 c5
16.Qd1c2 e5
17.dxe5 Nd7xe5
18.Nf3xe5 Bd6xe5
19.Ra1d1 d4
20.Bd3xh7 Kh8
21.Bh7e4 Ra8b8
22.f4 Be5c7
23.Bd2c1 Bc8g4
24.Rd1e1 g6
25.Qc2f2 Rb8d8
26.h3 Bg4c8
27.Bc1b2 Qf6g7
28.exd4 f5
29.Be4f3 Qg7h7
30.d5 Kg8
31.Bb2e5 Bc7xe5
32.Re1xe5 Bc8d7
33.Rf1e1 Kh8
34.Re5xe7 Qh7h6
35.Qf2b2 Kg8
36.Ng3h1 Qh6xf4
37.Qb2g7 1-0

[Event "Tournoi n27423"]
[Site "www.echecsemail.com"]
[Date "2026.02.11"]
[Round "1"]
[White "Tartu"]
[Black "Vvvv"]
[WhiteElo "1730"]
[BlackElo "1700"]
[Result "1-0"]
1.e4 g6
2.Ng1f3 d6
3.d4 Bf8g7
4.Bc1e3 Nb8d7
5.c4 c5
6.Nb1c3 e6
7.Bf1e2 b6
8.O-O Bc8b7
9.Ra1c1 Ng8e7
10.d5 exd5
11.exd5 O-O
12.Rf1e1 a6
13.a4 Bg7xc3
14.Rc1xc3 Nd7f6
15.Be2d3 Nf6g4
16.Be3d2 f6
17.h3 Ng4e5
18.Nf3xe5 dxe5
19.Bd2h6 Rf8f7
20.Qd1g4 Bb7c8
21.Qg4e2 Bc8f5
22.Bh6c1 Ra8a7
23.Bd3xf5 Ne7xf5
24.Bc1e3 Ra7e7
25.Rc3c1 Kg7
26.b3 Nf5d4
27.Be3xd4 exd4
28.Qe2d2 Re7e5
29.Re1xe5 fxe5
30.Rc1e1 Rf7e7
31.Qd2g5 Qd8d6
32.h4 Re7f7
33.f3 Rf7f5
34.Qg5g4 Qd6f6
35.Re1e4 h5
36.Qg4h3 Kh6
37.Re4e1 a5
38.Qh3g3 g5
39.hxg5 Rf5xg5
40.Qg3h3 Kg7
41.Qh3d7 Kg6
42.Qd7e6 Rg5f5
43.Qe6g8 Qf6g7
44.Qg8e8 Kh7
45.Kf2 h4
46.Qe8e6 Qg7g3
47.Kf1 h3
48.Qe6d7 Kh6
49.Qd7e6 Kg5
50.Qe6g8 Kh4
51.Qg8h7 Kg5
52.Qh7g7 Kh4
53.Re1e4 Rf5f4
54.Qg7h6 1-0

[Event "Tournoi échelle"]
[Site "www.echecsemail.com"]
[Date "2026.02.11"]
[Round "1"]
[White "Verson"]
[Black "Eldiablo90"]
[WhiteElo "1810"]
[BlackElo "2790"]
[Result "0-1"]
1.d4 f5
2.Ng1f3 Ng8f6
3.Bc1f4 g6
4.e3 Bf8g7
5.Bf1c4 e6
6.Nb1d2 O-O
7.O-O d6
8.Qd1e2 Nb8c6
9.b3 Kh8
10.Nf3g5 Nf6h5
11.Ng5xe6 Bc8xe6
12.Bc4xe6 Nh5xf4
{ abandon }0-1

[Event "Tournoi n27438"]
[Site "www.echecsemail.com"]
[Date "2026.02.11"]
[Round "1"]
[White "Mandrak"]
[Black "Tiounet"]
[WhiteElo "1600"]
[BlackElo "1660"]
[Result "0-1"]
1.d4 b5
2.e4 Bc8b7
3.d5 a6
4.b3 Ng8f6
5.Bf1d3 g6
6.Bc1b2 Bf8g7
7.Nb1d2 O-O
8.Qd1e2 d6
9.Ng1f3 c6
10.O-O-O cxd5
11.Bb2xf6 Bg7xf6
12.e5 dxe5
13.Nf3xe5 Qd8c7
14.Nd2f3 Nb8c6
15.Ne5g4 Bf6g7
16.Qe2e1 e6
17.h4 b4
18.c4 dxc4
19.bxc4 a5
20.Kc2 Qc7f4
21.Ng4e3 Nc6e5
22.Nf3xe5 Qf4xe5
23.Rh1g1 Qe5b2
0-1

[Event "Défi"]
[Site "www.echecsemail.com"]
[Date "2026.02.11"]
[Round "1"]
[White "Chessmat"]
[Black "Sylvia13"]
[WhiteElo "1299"]
[BlackElo "1600"]
[Result "0-1"]
1.e4 e5
2.Bf1c4 Qd8h4
3.d3 Bf8c5
4.Qd1f3 Ng8f6
5.Bc1e3 Bc5xe3
6.Qf3xe3 d6
7.Ng1f3 Qh4h5
8.Qe3g5 O-O
9.Qg5xh5 Nf6xh5
10.Nb1c3 Nh5f4
11.O-O c6
12.a3 Bc8g4
13.Bc4a2 Bg4xf3
14.gxf3 Nb8d7
15.Ra1e1 Nd7f6
16.Kh1 Nf4h3
17.Nc3e2 a5
18.Kg2 Nh3f4
19.Ne2xf4 exf4
20.Rf1g1 h6
21.Kh1 d5
22.Rg1g2 b5
23.Re1g1 Nf6h5
24.Rg2g4 Ra8d8
25.exd5 cxd5
26.Rg1e1 Kh7
27.c3 f5
28.Rg4g1 d4
29.c4 b4
30.axb4 axb4
31.Re1e7 Rd8a8
32.Ba2b3 Ra8a5
33.Rg1e1 Rf8f6
34.Re1e6 Ra5a1
35.Kg2 Ra1b1
36.Re6e2 Rf6g6
37.Kh3 Rb1g1
38.c5 Rg6g5
39.c6 Nh5f6
40.Re2c2 Rg5h5
0-1

[Event "BERNARD MAS"]
[Site "www.echecsemail.com"]
[Date "2026.02.11"]
[Round "1"]
[White "Patau"]
[Black "Intrigue"]
[WhiteElo "1670"]
[BlackElo "1720"]
[Result "1/2-1/2"]
1.e4 c6
2.d4 d5
3.e5 Bc8f5
4.h4 h6
5.Bf1d3 Bf5xd3
6.Qd1xd3 e6
7.Ng1f3 c5
8.c3 Nb8c6
9.Bc1e3 cxd4
10.cxd4 Bf8b4
11.Be3d2 Qd8b6
12.O-O Ra8c8
13.Nb1c3 Ng8e7
14.Nc3b5 a6
15.Bd2xb4 Nc6xb4
16.Nb5d6 Kd7
17.Qd3b3 Rc8c6
18.Nd6xf7 Rh8f8
19.Nf7d6 Ne7f5
20.Nd6xf5 Rf8xf5
21.Ra1c1 a5
22.a3 Nb4a6
23.Qb3xb6 Rc6xb6
24.Rc1c2 Rf5f8
25.Rf1c1 Rb6c6
26.Rc2xc6 bxc6
27.Nf3d2 Rf8b8
28.b3 Rb8b5
29.Rc1c3 Na6c7
30.Rc3g3 Nc7e8
31.h5 Ke7
32.Rg3c3 Kd7
33.Rc3c5 Ne8c7
34.f4 Rb5xc5
35.dxc5 Nc7b5
36.b4 axb4
37.axb4 Kc7
38.Kf2 Nb5d4
39.g4 Nd4c2
40.b5 cxb5
41.g5 b4
42.gxh6 gxh6
43.Nd2b3 Kc6
44.Ke2 Nc2a3
45.Kd3 Na3c4
46.Nb3d4 Kxc5
47.Nd4xe6 Kc6
48.Ne6d4 Kc5
49.e6 Nc4d6
50.e7 Nd6e8
51.Nd4f5 b3
52.Kc3 Kc6
53.Kxb3 Kd7
54.Kc3 Ke6
55.Nf5xh6 Kxe7
56.Kd4 Ne8f6
57.Ke5 Nf6xh5
{ nul }1/2-1/2

[Event "Défi"]
[Site "www.echecsemail.com"]
[Date "2026.02.11"]
[Round "1"]
[White "Burgman"]
[Black "Arno"]
[WhiteElo "2010"]
[BlackElo "1770"]
[Result "0-1"]
1.f4 Nb8c6
2.e4 e5
3.Ng1f3 d6
4.Bf1c4 h6
5.d3 Ng8f6
6.O-O Bc8g4
7.c3 Bf8e7
8.Bc1e3 O-O
9.Nb1d2 Nc6a5
10.Bc4b5 c6
11.Bb5a4 b5
12.Ba4c2 c5
13.a4 a6
14.axb5 axb5
15.b4 Na5c6
16.bxc5 dxc5
17.Qd1b1 Qd8c7
18.Ra1xa8 Rf8xa8
19.fxe5 Nc6xe5
20.Qb1xb5 Ra8b8
21.Qb5a4 Rb8b2
22.Rf1b1 Rb2xb1
23.Bc2xb1 Bg4xf3
24.Nd2xf3 Qc7b7
25.Nf3xe5 Qb7xb1
26.Kf2 Qb1b2
27.Kf3 Qb2xc3
28.Qa4a8 Kh7
29.Qa8b7 Qc3xe5
30.Be3f4 Qe5h5
31.Kg3 Qh5g4
32.Kf2 Qg4xf4
33.Ke2 Qf4e5
34.g3 Nf6g4
{ abandon }0-1

[Event "Eq:modesty-au plaisir du jeux  :"]
[Site "www.echecsemail.com"]
[Date "2026.02.11"]
[Round "1"]
[White "Marathonman"]
[Black "Thierry7ardeche"]
[WhiteElo "2070"]
[BlackElo "2090"]
[Result "0-1"]
1.e4 d6
2.d4 Ng8f6
3.Nb1c3 c6
4.Ng1f3 Bc8g4
5.h3 Bg4xf3
6.Qd1xf3 e5
7.dxe5 dxe5
8.Bc1g5 Bf8e7
9.Bf1d3 Nb8d7
10.O-O-O b5
11.Kb1 Qd8c7
12.g4 h6
13.Bg5h4 Nd7c5
14.Bd3f1 b4
15.Nc3e2 Nc5xe4
16.Ne2g3 Ne4c3
17.bxc3 bxc3
18.Ka1 Ra8d8
19.Bf1c4 g5
20.Bh4xg5 hxg5
21.Ng3h5 Rh8h6
22.h4 Rd8xd1
23.Qf3xd1 Qc7b6
24.Bc4b3 Nf6xh5
25.gxh5 gxh4
26.Qd1f3 Rh6f6
27.Qf3xc3 Qb6d4
{ abandon }0-1

[Event "BERNARD MAS"]
[Site "www.echecsemail.com"]
[Date "2026.02.11"]
[Round "1"]
[White "Pgo"]
[Black "Legrillon"]
[WhiteElo "1750"]
[BlackElo "1750"]
[Result "0-1"]
1.e4 e5
2.Bf1c4 Ng8f6
3.d3 c6
4.Ng1f3 d6
5.Bc1g5 Bf8e7
6.O-O Bc8g4
7.h3 Bg4h5
8.g4 Bh5g6
9.Nf3h2 b5
10.Bc4b3 a5
11.a3 Nf6d7
12.Bg5xe7 Qd8xe7
13.f4 f6
14.f5 Bg6f7
15.Nb1d2 d5
16.exd5 Qe7c5
17.Rf1f2 cxd5
18.Kf1 O-O
19.Nh2f3 b4
20.axb4 Qc5xb4
21.c3 Qb4f4
22.Qd1e2 Nb8c6
23.Nf3h4 Qf4g5
24.Nh4g2 h5
25.Nd2f3 Qg5h6
26.Ng2h4 hxg4
27.hxg4 Rf8b8
28.Rf2h2 g5
29.fxg6 Bf7xg6
30.Nh4xg6 Qh6xg6
31.Bb3xd5 Kg7
32.Bd5xc6 Ra8a7
33.Bc6xd7 Ra7xd7
34.Ra1xa5 Rd7xd3
35.Ra5a7 Kg8
36.Nf3h4 Qg6g5
37.Qe2xd3 Qg5c1
38.Kg2 Rb8xb2
39.Kg3 Qc1f4
40.Kh3 Qf4xh2
0-1

[Event "Tournoi n27432"]
[Site "www.echecsemail.com"]
[Date "2026.02.11"]
[Round "1"]
[White "Mousquetaire"]
[Black "Verson"]
[WhiteElo "2020"]
[BlackElo "1800"]
[Result "1-0"]
1.d4 d5
2.Bc1f4 Ng8f6
3.Ng1f3 e6
4.e3 Bf8d6
5.Nf3e5 Nb8d7
6.Bf1d3 O-O
7.Nb1d2 Qd8e7
8.Nd2f3 c5
9.c3 Bd6xe5
10.dxe5 Nf6e4
11.Nf3d2 b6
12.Nd2xe4 dxe4
13.Bd3xe4 Ra8b8
14.Qd1f3 f5
15.exf6 Nd7xf6
16.Bf4g5 Bc8a6
17.O-O-O Qe7f7
18.Bg5xf6 Qf7xf6
19.Qf3xf6 Rf8xf6
20.f3 Rf6f8
21.Rd1d7 Ba6c4
22.Rd7xa7 Bc4d5
23.Be4xd5 exd5
24.Rh1d1 Rf8d8
25.Kc2 Rb8a8
26.Ra7xa8 Rd8xa8
27.a3 Ra8e8
28.Rd1xd5 Re8xe3
29.Kd2 Re3e6
30.f4 Kf7
31.Rd5d7 Re6e7
32.Rd7xe7 { abandon }1-0

[Event "Défi( 10J+24H/c 10J Max )"]
[Site "www.echecsemail.com"]
[Date "2026.02.11"]
[Round "1"]
[White "Tunnellavage"]
[Black "Ephixe"]
[WhiteElo "1740"]
[BlackElo "1830"]
[Result "0-1"]
1.e4 e5
2.Ng1f3 Nb8c6
3.g3 Ng8f6
4.Nb1c3 Bf8b4
5.d3 Bb4xc3
6.bxc3 O-O
7.Bf1g2 d5
8.Qd1e2 Bc8g4
9.h3 Bg4h5
10.g4 Bh5g6
11.Bc1g5 Qd8d6
12.Nf3h4 d4
13.c4 a6
14.Nh4f5 Bg6xf5
15.gxf5 Qd6b4
16.Bg5d2 Qb4b2
17.Qe2d1 b6
18.O-O a5
19.Bd2g5 Nf6d7
20.f6 g6
21.Bg5h6 Rf8e8
22.Bh6g7 Re8e6
23.Bg2f3 Nd7xf6
24.Bf3g4 Re6d6
25.Bg7h6 Nf6xg4
26.hxg4 Nc6b4
27.Qd1f3 Qb2xc2
28.Ra1d1 Qc2xa2
29.Kg2 Qa2a4
30.Bh6g5 Kg7
31.Bg5e7 Rd6d7
32.Qf3f6 Kg8
33.Qf6h4 Rd7xe7
34.Qh4xe7 Qa4e8
35.Qe7xc7 Ra8b8
36.f4 Nb4a6
37.Qc7d6 Na6c5
38.fxe5 Nc5e6
39.Qd6b4 axb4
{ abandon }0-1

[Event "Tournoi n27455"]
[Site "www.echecsemail.com"]
[Date "2026.02.11"]
[Round "1"]
[White "Mokanne"]
[Black "Fouvolant"]
[WhiteElo "1410"]
[BlackElo "1510"]
[Result "1-0"]
1.e4 c5
2.d3 Nb8c6
3.Ng1f3 d6
4.Bc1d2 e6
5.h3 Ng8f6
6.Bf1e2 Bf8e7
7.O-O O-O
8.c3 Qd8c7
9.Bd2f4 Bc8d7
10.Nf3h2 e5
11.Bf4g3 h6
12.a3 Bd7e6
13.f3 d5
14.f4 Be7d6
15.Qd1d2 dxe4
16.Nh2g4 exd3
17.Qd2xd3 e4
18.Ng4xf6 { abandon }1-0

[Event "Tournoi n27424"]
[Site "www.echecsemail.com"]
[Date "2026.02.11"]
[Round "1"]
[White "Kawa750"]
[Black "Tiounet"]
[WhiteElo "1590"]
[BlackElo "1570"]
[Result "1-0"]
1.e4 a6
2.Ng1f3 b5
3.Bf1e2 Bc8b7
4.O-O g6
5.d3 Bf8g7
6.a3 e6
7.Bc1f4 Bg7xb2
8.Ra1a2 Bb2g7
9.Bf4e5 Ng8f6
10.Nb1c3 O-O
11.Qd1d2 d6
12.Be5g3 c5
13.e5 dxe5
14.Nf3xe5 Nf6d5
15.Nc3e4 Nb8d7
16.Ne5xd7 Qd8xd7
17.Ne4xc5 Qd7c6
18.Nc5xb7 Qc6xb7
19.c4 bxc4
20.dxc4 Nd5c3
21.Be2f3 Nc3e4
22.Qd2c2 f5
23.Bg3d6 Rf8d8
24.c5 Ra8c8
25.Rf1d1 Rd8xd6
26.Rd1xd6 Qb7b5
27.Bf3xe4 fxe4
28.c6 Bg7f8
29.Rd6xe6 Qb5d5
30.Re6f6 Bf8g7
31.Rf6f4 Rc8xc6
32.Qc2b1 Qd5d3
33.Qb1b8 { abandon }1-0

[Event "Tournoi n27413"]
[Site "www.echecsemail.com"]
[Date "2026.02.11"]
[Round "1"]
[White "Picasso"]
[Black "Geantvert"]
[WhiteElo "2080"]
[BlackElo "1860"]
[Result "1-0"]
1.d4 f5
2.Ng1f3 Ng8f6
3.e3 g6
4.Nb1d2 Bf8g7
5.b3 b6
6.Bf1e2 Bc8a6
7.c4 d6
8.Bc1b2 O-O
9.h4 Nb8d7
10.h5 Nf6xh5
11.Nf3g5 Rf8f6
12.d5 Nd7e5
13.f4 h6
14.Ng5e6 Rf6xe6
15.dxe6 Ne5d3
16.Be2xd3 Bg7xb2
17.Ra1b1 Bb2g7
18.Rh1xh5 gxh5
19.Bd3xf5 Qd8e8
20.Qd1c2 Qe8f8
21.Bf5g6 Qf8f6
22.Bg6f7 Kh8
23.Nd2f3 Ba6c8
24.f5 Bc8b7
25.e4 Qf6c3
26.Qc2xc3 Bg7xc3
27.Ke2 Bb7xe4
28.Rb1f1 Be4xf5
29.Nf3h2 Bf5h7
30.Bf7xh5 Bc3f6
31.Nh2g4 Ra8f8
32.Ng4xf6 Kg7
33.Nf6xh7 Rf8xf1
34.Kxf1 Kxh7
35.Ke2 Kg7
36.Ke3 Kf6
37.Kd4 Kxe6
38.Bh5g4 { abandon }1-0

[Event "Défi"]
[Site "www.echecsemail.com"]
[Date "2026.02.11"]
[Round "1"]
[White "Ketchuplover"]
[Black "Castor"]
[WhiteElo "1660"]
[BlackElo "1360"]
[Result "1-0"]
1.Ng1f3 d5
2.g3 Ng8f6
3.Bf1g2 Nb8c6
4.d4 Bc8f5
5.a3 e5
6.dxe5 Nf6e4
7.O-O Qd8e7
8.b3 a5
9.Nf3d4 Nc6xe5
10.Nd4xf5 Qe7f6
11.Qd1xd5 Qf6xf5
12.Qd5xe4 Qf5e6
13.Qe4xb7 Ra8d8
14.Bc1b2 Bf8d6
15.Bg2c6 Ne5xc6
16.Qb7xc6 Rd8d7
17.Nb1d2 Qe6e7
18.Nd2c4 Bd6c5
19.Ra1d1 O-O
20.Qc6xd7 Qe7xe2
21.Qd7d3 Qe2h5
22.Qd3d5 Bc5a7
23.Qd5xh5 Rf8b8
24.Qh5g5 g6
25.Nc4xa5 Ba7b6
26.Qg5f6 Kf8
27.Rd1d8 { abandon }1-0

[Event "Défi( 10J+24H/c 10J Max )"]
[Site "www.echecsemail.com"]
[Date "2026.02.11"]
[Round "1"]
[White "Castor"]
[Black "Lectrice"]
[WhiteElo "1340"]
[BlackElo "1420"]
[Result "0-1"]
1.d4 d5
2.c4 e6
3.a3 c6
4.b3 Ng8f6
5.f3 b5
6.cxb5 Qd8a5
7.Bc1d2 Qa5xb5
8.b4 h6
9.Ng1h3 g5
10.e3 Qb5b6
11.Nb1c3 a6
12.Nc3a4 Qb6a7
13.Bf1d3 Bc8d7
14.O-O Bf8d6
15.Bd2e1 O-O
16.Qd1c2 Kg7
17.Nh3f2 e5
18.Be1d2 Bd6c7
19.e4 exd4
20.Rf1e1 Bc7d6
21.e5 Bd6xe5
22.Re1xe5 Rf8e8
23.Re5xe8 Bd7xe8
24.Bd2c1 Qa7c7
25.Qc2e2 a5
26.Bd3c2 Nb8d7
27.Bc1b2 Qc7e5
28.Qe2d1 c5
29.bxc5 Qe5f4
30.Bb2c1 Qf4e5
31.Bc1b2 Qe5e7
32.Bb2xd4 h5
33.Nf2h3 Kh6
34.Qd1d2 Nf6h7
35.Ra1e1 Qe7f8
36.Bd4e3 Qf8g7
37.Qd2xd5 Ra8a6
38.Be3d4 Nd7f6
39.Qd5b7 Ra6e6
40.Re1f1 Be8c6
41.Qb7b2 h4
42.Na4b6 Qg7g8
43.Bc2b3 Re6e7
44.Qb2c1 Bc6e8
45.Bd4e3 Re7e5
46.Nb6c4 a4
47.Bb3c2 Re5d5
48.Nc4b6 Rd5e5
49.Be3d4 Re5e6
50.Bc2f5 Re6e7
51.Bd4c3 Be8b5
52.Rf1d1 Re7c7
53.Bc3b4 Bb5c6
54.f4 g4
55.Nh3f2 g3
56.Nf2d3 gxh2
57.Kxh2 Qg8xg2
0-1

[Event "Tournoi échelle élite"]
[Site "www.echecsemail.com"]
[Date "2026.02.11"]
[Round "1"]
[White "Elghribi"]
[Black "Alain64"]
[WhiteElo "1910"]
[BlackElo "2060"]
[Result "0-1"]
1.e4 c5
2.Ng1f3 Nb8c6
3.d4 cxd4
4.Nf3xd4 d6
5.c4 Ng8f6
6.Nb1c3 g6
7.Bf1e2 Bf8g7
8.O-O O-O
9.Bc1e3 a6
10.f3 Nf6h5
11.Qd1d2 Bc8e6
12.Nd4xc6 bxc6
13.Ra1c1 c5
14.Nc3d5 Ra8b8
15.b3 a5
16.g4 Nh5f6
17.h3 Rb8a8
18.Be2d3 Be6xd5
19.cxd5 Qd8b6
20.Qd2c2 Nf6d7
21.f4 e5
22.f5 f6
23.Kh2 g5
24.Kg3 h6
25.Rf1h1 Kf7
26.h4 Rf8h8
27.Rh1h2 Qb6b4
28.Rc1h1 Nd7b6
29.a4 Nb6d7
30.Bd3c4 Ra8b8
31.Be3d2 Qb4b6
32.Qc2c3 Qb6b4
33.Qc3e3 Qb4b6
34.Qe3e1 Rb8a8
35.hxg5 fxg5
36.Qe1c1 Nd7f6
37.Kf3 Qb6c7
38.Bd2c3 h5
39.gxh5 g4
40.Ke3 Bg7h6
{ abandon }0-1

[Event "Tournoi n27427"]
[Site "www.echecsemail.com"]
[Date "2026.02.11"]
[Round "1"]
[White "Wenoketo"]
[Black "Albescab"]
[WhiteElo "1710"]
[BlackElo "1600"]
[Result "1-0"]
1.d4 d5
2.Ng1f3 Bc8g4
3.e3 Bg4f5
4.Nb1d2 e6
5.Bf1e2 Nb8c6
6.a3 Bf8d6
7.c4 Ng8f6
8.O-O O-O
9.h3 Qd8d7
10.c5 Bd6e7
11.Be2b5 a6
12.Bb5a4 Qd7c8
13.Ba4xc6 bxc6
14.Nf3e5 Qc8b7
15.Qd1a4 Nf6e4
16.Nd2xe4 Bf5xe4
17.Qa4xc6 Qb7c8
18.Qc6a4 Be7h4
19.Qa4d1 Qc8d8
20.Qd1g4 Bh4f6
21.Ne5c6 Qd8d7
22.Nc6a5 c6
23.b4 Qd7c8
24.Qg4e2 Bf6h4
25.Na5b3 Qc8c7
26.Nb3d2 Be4g6
27.Nd2f3 Bh4f6
28.Bc1d2 Bg6e4
29.Nf3e1 e5
30.Bd2c3 exd4
31.Bc3xd4 Bf6h4
32.Ne1f3 Bh4e7
33.Nf3e5 f6
34.Ne5d3 Qc7d7
35.Nd3c1 Qd7f5
36.f3 Be4xf3
37.Rf1xf3 Qf5d7
38.Nc1d3 Qd7c8
39.Ra1f1 a5
40.Qe2b2 axb4
41.axb4 Ra8a4
42.g4 Qc8a8
43.g5 Ra4a2
44.Qb2c3 Ra2a3
45.Qc3c2 Ra3a2
46.Qc2d1 Qa8a3
47.gxf6 Be7xf6
48.Bd4xf6 Qa3a7
49.Bf6d4 Rf8xf3
50.Qd1xf3 Qa7b8
51.Qf3f7 { abandon }1-0

[Event "0502"]
[Site "www.echecsemail.com"]
[Date "2026.02.11"]
[Round "1"]
[White "Fouvolant"]
[Black "Katastrofic"]
[WhiteElo "1530"]
[BlackElo "1490"]
[Result "1-0"]
1.e4 c5
2.Ng1f3 e6
3.d4 Bf8e7
4.Bc1e3 d6
5.c3 b6
6.Bf1d3 Bc8a6
7.Bd3xa6 Nb8xa6
8.Qd1a4 { abandon }1-0

[Event "Défi"]
[Site "www.echecsemail.com"]
[Date "2026.02.11"]
[Round "1"]
[White "Pgo"]
[Black "Bilitis"]
[WhiteElo "1740"]
[BlackElo "1770"]
[Result "0-1"]
1.e4 e5
2.Ng1f3 d6
3.Bf1c4 Bc8g4
4.d3 Nb8c6
5.Nb1c3 Nc6d4
6.O-O Nd4xf3
7.gxf3 Bg4h3
8.Rf1e1 Ng8f6
9.Bc1g5 Bf8e7
10.f4 Nf6g4
11.Bg5xe7 Qd8xe7
12.f5 Qe7g5
13.Qd1f3 Ng4e3
14.Qf3g3 Qg5xg3
15.hxg3 Ne3xc2
16.Kh2 Bh3g4
17.Ra1c1 Nc2xe1
18.Rc1xe1 f6
19.Kg2 O-O-O
20.f3 Bg4h5
21.g4 Bh5e8
22.a3 h5
23.Bc4e6 Be8d7
24.Be6xd7 Kxd7
25.Nc3d5 hxg4
26.fxg4 c6
27.Nd5b4 Rd8g8
28.Re1h1 Rh8xh1
29.Kxh1 g6
30.Nb4c2 gxf5
31.gxf5 Rg8g3
32.Nc2e1 Rg3e3
33.Ne1g2 Re3xd3
34.Kh2 Rd3d2
35.Kg3 Rd2xb2
36.Ng2h4 Rb2b3
37.Kg4 c5
38.Nh4g6 c4
39.Ng6f8 Ke7
40.Nf8g6 Kf7
41.Ng6h4 c3
42.Nh4f3 c2
43.Nf3d2 Rb3d3
{ abandon }0-1

[Event "Eq:au plaisir du jeux -Vikings :"]
[Site "www.echecsemail.com"]
[Date "2026.02.11"]
[Round "1"]
[White "Air-3-bud"]
[Black "Seb"]
[WhiteElo "1850"]
[BlackElo "1920"]
[Result "0-1"]
1.d4 f5
2.Bc1f4 Ng8f6
3.Ng1f3 g6
4.c3 d6
5.e3 Bf8g7
6.Nb1d2 O-O
7.Bf1d3 Nb8c6
8.O-O a6
9.h3 Rf8e8
10.e4 e5
11.Bf4h2 f4
12.d5 Nc6e7
13.Nf3g5 h6
14.Ng5f3 Nf6h7
15.a4 g5
16.b4 g4
17.hxg4 Bc8xg4
18.Qd1b3 Kh8
19.Nf3h4 Bg4h5
20.Bd3c2 Ne7g8
21.Nd2f3 Nh7g5
22.Kh1 Bg7f6
23.Bc2d1 Ng5xe4
24.Bd1c2 Bf6xh4
25.Bc2xe4 Ng8f6
26.Qb3c2 Nf6xe4
27.Qc2xe4 Bh5xf3
28.Qe4xf3 Re8g8
29.Qf3h5 Qd8g5
30.Qh5xg5 Bh4xg5
31.g3 Ra8f8
32.gxf4 Bg5xf4
33.Bh2xf4 Rf8xf4
{ abandon }0-1

[Event "Transval 2"]
[Site "www.echecsemail.com"]
[Date "2026.02.11"]
[Round "1"]
[White "Janolapin"]
[Black "Turbo"]
[WhiteElo "1690"]
[BlackElo "1280"]
[Result "1-0"]
1.d4 d5
2.Ng1f3 h6
3.e3 Ng8f6
4.Bf1e2 b6
5.O-O e6
6.c4 dxc4
7.Be2xc4 Bf8d6
8.b3 Bc8b7
9.Bc1a3 Bd6xa3
10.Nb1xa3 O-O
11.Bc4d3 Nb8c6
12.Ra1c1 Qd8e7
13.Na3c4 b5
14.Nc4e5 Nc6b4
15.Bd3b1 Nf6e4
16.a3 Nb4a6
17.b4 Ne4f6
18.Ne5d3 Ra8d8
19.Qd1e2 Qe7d6
20.Rf1d1 g5
21.Nf3e5 Qd6d5
22.Ne5f3 g4
23.Nf3e1 Nf6h5
24.Nd3c5 Qd5xg2
25.Ne1xg2 Bb7xg2
26.Kxg2 f5
27.Nc5xe6 Nh5g7
28.Ne6xf8 Rd8xf8
29.Qe2xb5 Rf8f6
30.Rc1c6 Rf6xc6
31.Qb5xc6 { abandon }1-0

[Event "Défi( 10J+36H/c 30J Max )"]
[Site "www.echecsemail.com"]
[Date "2026.02.11"]
[Round "1"]
[White "Pascalou50"]
[Black "Lilou"]
[WhiteElo "1790"]
[BlackElo "1320"]
[Result "1-0"]
1.e4 e5
2.Ng1f3 Qd8f6
3.Bf1c4 Bf8c5
4.O-O g5
5.d3 g4
6.Bc1g5 Qf6g6
7.Nf3xe5 Qg6xg5
8.Ne5xf7 Qg5g7
9.Nf7xh8 Qg7xh8
10.Qd1xg4 Ng8f6
11.Qg4h4 Bc5d6
12.Rf1e1 Bd6b4
13.c3 Bb4c5
14.d4 Bc5e7
15.e5 Nf6g8
16.Qh4h5 Kd8
17.Nb1d2 b6
18.Qh5f7 Ng8h6
19.Qf7h5 Qh8f8
20.Re1e3 Nh6f5
21.Re3f3 d6
22.Qh5xh7 Bc8d7
23.e6 Bd7e8
24.Qh7xf5 Qf8h6
25.Ra1d1 a5
26.Rf3h3 Qh6g7
27.Rh3h7 Qg7g8
28.Bc4d3 a4
29.Nd2f3 a3
30.b3 c6
31.d5 Ra8a5
32.c4 b5
33.Qf5h3 Nb8a6
34.cxb5 cxb5
35.Nf3d4 b4
36.Rh7xe7 Ra5xd5
37.Qh3h4 Rd5g5
38.g3 Kxe7
39.Qh4h7 Rg5g7
40.Nd4f5 Kf8
41.Qh7xg7 Qg8xg7
42.Nf5xg7 Kxg7
43.Bd3xa6 Be8h5
44.Rd1xd6 Bh5g6
45.Rd6d7 Kh6
46.Rd7d8 Bg6b1
47.e7 Bb1xa2
48.e8Q Ba2xb3
49.Rd8d6 Kg5
50.Qe8g6 1-0

[Event "Tournoi n27432"]
[Site "www.echecsemail.com"]
[Date "2026.02.11"]
[Round "1"]
[White "Desaintfegor"]
[Black "Verson"]
[WhiteElo "1790"]
[BlackElo "1800"]
[Result "1/2-1/2"]
1.d4 d5
2.c4 e6
3.Nb1c3 Ng8f6
4.a3 c6
5.Bc1g5 Nb8d7
6.Ng1f3 Bf8d6
7.e4 dxe4
8.Nc3xe4 Bd6e7
9.Bf1d3 O-O
10.O-O h6
11.Bg5h4 Rf8e8
12.h3 Nf6xe4
13.Bh4xe7 Qd8xe7
14.Bd3xe4 Nd7f6
15.Be4c2 b6
16.Nf3e5 Bc8b7
17.Rf1e1 Re8d8
18.b4 c5
19.Ne5f3 Bb7xf3
20.Qd1xf3 cxd4
21.Bc2d3 Ra8c8
22.Qf3d1 a5
23.b5 Qe7d6
24.Qd1c2 Nf6d5
25.Qc2b3 Nd5c3
26.Re1f1 e5
27.Ra1e1 Rd8e8
28.f3 Re8e6
29.Bd3f5 a4
30.Qb3b4 Qd6xb4
31.axb4 Rc8e8
32.Bf5xe6 Re8xe6
33.Kf2 a3
34.Re1a1 a2
35.Rf1c1 Re6e7
36.Rc1xc3 dxc3
37.Ra1xa2 Re7c7
38.Ke3 Rc7xc4
39.Kd3 Rc4xb4
40.Kxc3 Rb4xb5
41.Kc4 Rb5c5
42.Kb4 Kh7
43.h4 f5
44.g3 e4
45.fxe4 fxe4
46.Ra2e2 Rc5e5
47.Kc4 g5
48.Kd4 gxh4
49.gxh4 Re5e7
50.h5 Kg7
51.Re2g2 Kh7
52.Rg2g6 e3
53.Rg6g1 e2
54.Rg1e1 Kg7
55.Kd3 Kf6
56.Kd2 Kg5
57.Re1g1 Kxh5
58.Ke1 b5
59.Rg1h1 Kg6
60.Rh1g1 Kf5
61.Rg1h1 Re7e6
62.Rh1h5 Ke4
63.Rh5xb5 Re6e5
64.Rb5xe5 Kxe5
65.Kxe2 { nul }1/2-1/2

[Event "CHATURANGA"]
[Site "www.echecsemail.com"]
[Date "2026.02.11"]
[Round "1"]
[White "4x4"]
[Black "Leredoutable"]
[WhiteElo "1450"]
[BlackElo "1750"]
[Result "0-1"]
1.e4 e5
2.Ng1f3 Ng8f6
3.Bf1c4 Bf8e7
4.Nf3g5 O-O
5.d3 d5
6.exd5 Bc8g4
7.f3 Bg4f5
8.Nb1c3 Nb8d7
9.g4 Bf5g6
10.Nc3e4 Nf6xe4
11.fxe4 Be7xg5
12.Bc1xg5 Qd8xg5
13.Qd1d2 Qg5xg4
14.Qd2e2 Qg4xe2
15.Kxe2 Nd7f6
16.Ra1f1 Ra8d8
17.b4 Bg6h5
18.Kd2 Kh8
19.Kc1 Nf6g4
20.h3 Ng4e3
21.Rf1f2 Ne3xc4
22.dxc4 Bh5g6
23.Rf2e2 Rd8d6
24.h4 h5
25.c5 Rd6a6
26.Kb2 f6
27.Rh1g1 Bg6f7
28.a3 g6
29.Rg1f1 Bf7e8
30.Re2f2 Be8b5
31.Rf1d1 f5
32.Kb3 f4
33.d6 cxd6
34.Rd1xd6 Ra6xd6
35.cxd6 Rf8d8
36.Rf2d2 Kg7
37.c4 Bb5d7
38.c5 Kf6
39.a4 g5
40.hxg5 Kxg5
41.Rd2g2 Kh4
42.b5 f3
43.Rg2g7 f2
44.Rg7f7 Kg3
45.Kc3 Kg2
46.c6 bxc6
47.bxc6 Bd7xc6
48.Kd3 f1Q
49.Rf7xf1 Kxf1
50.Kc4 Bc6xe4
51.Kc5 h4
52.a5 h3
53.a6 h2
54.d7 h1Q
55.Kd6 Qh1h6
56.Kxe5 Qh6g6
57.Kd4 Rd8xd7
58.Kc5 Qg6c6
59.Kb4 Rd7d4
60.Kb3 Qc6c4
61.Kb2 Rd4d2
62.Ka3 Rd2a2
0-1

[Event "Défi( 10J+24H/c 10J Max )"]
[Site "www.echecsemail.com"]
[Date "2026.02.11"]
[Round "1"]
[White "Jeff75019"]
[Black "Patau"]
[WhiteElo "1460"]
[BlackElo "1650"]
[Result "0-1"]
1.e4 e5
2.Ng1f3 Nb8c6
3.d4 exd4
4.Nf3xd4 Bf8c5
5.Nd4xc6 bxc6
6.Bf1c4 d6
7.Qd1f3 Ng8f6
8.Bc1g5 O-O
9.O-O Bc5d4
10.c3 Bd4e5
11.h3 h6
12.Bg5h4 Bc8e6
13.Nb1d2 d5
14.Bc4b3 Qd8d7
15.g3 Be6xh3
16.Rf1e1 Rf8e8
17.Bh4xf6 Be5xf6
18.Re1d1 Bh3g4
19.Qf3e3 Bg4xd1
20.Ra1xd1 Ra8d8
21.Nd2f3 Qd7h3
22.Nf3d4 Re8xe4
23.Qe3f3 Bf6xd4
24.cxd4 Rd8e8
25.Qf3c3 Qh3e6
26.Kf1 Qe6f6
27.Bb3a4 Re8e6
28.b4 Re4e2
29.b5 Qf6xf2
0-1

[Event "Eq:Pirates du Mat-Vikings :"]
[Site "www.echecsemail.com"]
[Date "2026.02.11"]
[Round "1"]
[White "Daiwen"]
[Black "Ratzi"]
[WhiteElo "2120"]
[BlackElo "2130"]
[Result "1-0"]
1.d4 d5
2.Ng1f3 Ng8f6
3.e3 Bc8g4
4.c4 e6
5.Nb1c3 Bf8b4
6.Qd1a4 Nb8c6
7.Nf3e5 Bb4xc3
8.bxc3 O-O
9.Ne5xc6 bxc6
10.Qa4xc6 Rf8e8
11.Bf1d3 Ra8b8
12.O-O Rb8b6
13.Qc6a4 e5
14.c5 Rb6e6
15.f3 e4
16.Bd3b5 Re8f8
17.fxg4 Nf6xg4
18.h3 Re6h6
19.Rf1f4 Ng4f6
20.Bc1a3 Nf6h5
21.Ra1f1 Nh5xf4
22.Rf1xf4 Qd8g5
23.Kf1 Qg5g3
24.Ba3c1 Qg3h2
25.Qa4c2 Rh6xh3
26.Qc2f2 Rh3h6
27.Ke1 Qh2h5
28.Bc1a3 Rf8b8
29.Bb5e2 Qh5h1
30.Be2f1 Rb8b1
31.Kd2 Qh1h5
32.Qf2e2 Qh5g6
33.Kc2 Rb1b8
34.Qe2d1 Qg6c6
35.Kd2 Rb8e8
36.Qd1b3 Qc6a8
37.c4 Re8b8
38.Qb3c2 Rh6a6
39.Ba3c1 Qa8b7
40.cxd5 Qb7b4
41.Kd1 Rb8e8
42.Bf1xa6 { abandon }1-0